| 000 | 00391nam a2200145Ia 4500 | ||
|---|---|---|---|
| 008 | 220726s9999||||xx |||||||||||||| ||und|| | ||
| 020 | _a9789388818506 | ||
| 082 |
_a610 _bKar/M |
||
| 100 | _aKar, Ashutosh | ||
| 245 | 0 | _aKar Ashutosh-Medicinal Chemistry- II (PCI) Sem- V | |
| 250 | _aReprint | ||
| 260 |
_aNew Delhi _bNew Age International Publishers _c2022 |
||
| 300 | _a229 | ||
| 942 | _cPB | ||
| 999 |
_c37924 _d37924 |
||